[Event "ENCI Limburg-open C"]
[Site "Maastricht"]
[Date "2011.06.13"]
[Round "6"]
[White "Schoffelen, Jan"]
[Black "Gidding, Mark"]
[Result "1/2-1/2"]
[WhiteElo "1345"]
[BlackElo "1470"]
[PlyCount "66"]
[EventDate "2011.06.10"]
[EventType "swiss"]
[EventRounds "7"]
[EventCountry "NED"]
[Source "P.Boonen"]
[SourceDate "2012.01.01"]

1. e4 e5 2. Nf3 Nc6 3. Bc4 Bc5 4. O-O Nf6 5. d3 d6 6. c3 O-O 7. Bg5 h6 8. Bxf6
Qxf6 9. Nbd2 Be6 10. Bb5 Bb6 11. Bxc6 bxc6 12. c4 Bg4 13. b4 a5 14. a3 Bd4 15.
Rb1 axb4 16. axb4 Rfb8 17. Qc2 Ra3 18. Nxd4 exd4 19. Rb3 Rxb3 20. Qxb3 Qg6 21.
f3 Bh3 22. Rf2 c5 23. b5 Bd7 24. f4 Ra8 25. Qb2 Qg4 26. Rf3 Ra4 27. h3 Qh4 28.
Qc1 Qd8 29. e5 Qa8 30. Rf1 dxe5 31. fxe5 Ra2 32. Ne4 Qa7 33. Qf4 Be6 1/2-1/2

[Event "ENCI Limburg-open C"]
[Site "Maastricht"]
[Date "2011.06.13"]
[Round "6"]
[White "Schrader, Bernd"]
[Black "De Lange, Marieke"]
[Result "1-0"]
[WhiteElo "1372"]
[BlackElo "1254"]
[PlyCount "53"]
[EventDate "2011.06.10"]
[EventType "swiss"]
[EventRounds "7"]
[EventCountry "NED"]
[Source "P.Boonen"]
[SourceDate "2012.01.01"]

1. e4 e5 2. Nf3 Nc6 3. Bb5 d6 4. d4 a6 5. Ba4 b5 6. Bb3 Nf6 7. Bg5 Be7 8. Bxf6
Bxf6 9. d5 Nd4 10. Nxd4 exd4 11. c3 Bb7 12. cxd4 c6 13. O-O O-O 14. Nc3 b4 15.
Ne2 Qb6 16. dxc6 Bxc6 17. Bd5 Bxd5 18. exd5 Rfe8 19. Re1 Re4 20. Rc1 Bxd4 21.
Nxd4 Rxd4 22. Qe2 g6 23. Qe3 Rb8 24. Rc6 Qa7 25. Rc4 Rb7 26. Qxd4 Qb8 27. Rec1
1-0

[Event "ENCI Limburg-open C"]
[Site "Maastricht"]
[Date "2011.06.13"]
[Round "6"]
[White "Slangen Knuit, Dien"]
[Black "Mollema, Henk"]
[Result "0-1"]
[WhiteElo "1111"]
[BlackElo "1397"]
[PlyCount "59"]
[EventDate "2011.06.10"]
[EventType "swiss"]
[EventRounds "7"]
[EventCountry "NED"]
[Source "P.Boonen"]
[SourceDate "2012.01.01"]

1. d4 f5 2. c4 g6 3. e3 Bg7 4. Nf3 Nf6 5. Nc3 Nc6 6. Be2 b6 7. O-O Bb7 8. Re1
O-O 9. Qb3 e6 10. d5 Na5 11. Qd1 Qe7 12. a3 Ba6 13. b4 Ne4 14. Nd4 Nxc3 15. Qd3
Nxe2+ 16. Rxe2 e5 17. a4 exd4 18. exd4 Qf6 19. Bb2 Nb7 20. Rae1 Nd6 21. Qd2 f4
22. f3 Nf5 23. Re4 Ne3 24. c5 Rae8 25. d6 cxd6 26. d5 Qxb2 27. Qxb2 Bxb2 28.
Rb1 Rxe4 29. fxe4 Bd4 30. Kh1 0-1

[Event "ENCI Limburg-open C"]
[Site "Maastricht"]
[Date "2011.06.13"]
[Round "6"]
[White "Snoeks, Marnicq"]
[Black "Uiterwijk, Jos"]
[Result "1-0"]
[WhiteElo "1387"]
[BlackElo "1598"]
[PlyCount "171"]
[EventDate "2011.06.10"]
[EventType "swiss"]
[EventRounds "7"]
[EventCountry "NED"]
[Source "P.Boonen"]
[SourceDate "2012.01.01"]

1. g3 e5 2. Bg2 Nf6 3. d3 Bc5 4. Nf3 d6 5. O-O O-O 6. e4 Bg4 7. Be3 Nbd7 8.
Bxc5 Nxc5 9. Nbd2 Qd7 10. Qe2 Ne6 11. c3 c5 12. Rfe1 b5 13. Qd1 a5 14. Qc1 Rac8
15. b3 b4 16. c4 Ra8 17. a4 bxa3 18. Rxa3 Rfb8 19. Qc2 Rb4 20. Rb1 Kf8 21. Qc3
Ng8 22. h3 Bxf3 23. Nxf3 Ne7 24. Nd2 Nd4 25. Bf1 Nec6 26. Kg2 Ne6 27. Be2 Ned4
28. Bg4 Qb7 29. Bd1 Qb8 30. Nf1 Ra7 31. Ne3 Rab7 32. Nd5 Ne7 33. Nxb4 axb4 34.
Qb2 bxa3 35. Qxa3 Ra7 36. Qc1 f6 37. f4 Ra2+ 38. Rb2 Nxb3 39. Qc2 Nc6 40. Rxa2
Nbd4 41. Qb2 Qxb2+ 42. Rxb2 Nb4 43. fxe5 dxe5 44. Be2 Ke7 45. Kf2 Kd6 46. h4 h6
47. h5 Kc7 48. Rb1 Kb7 49. Bd1 Ndc6 50. Ke3 Kb6 51. Ba4 Na5 52. Kd2 Nb7 53. Kc3
Nd8 54. Bd7 Nf7 55. Ra1 Na6 56. Be6 Nd6 57. Bd7 Kb7 58. Bb5 Nb4 59. Bd7 Na6 60.
Be6 Kb6 61. Rh1 Nb4 62. Rh2 Na6 63. Rh4 Nc7 64. Rg4 Nxe6 65. Rh4 Ng5 66. Rh1
Ne6 67. Rb1+ Kc7 68. Ra1 Nb7 69. Ra6 Nd4 70. g4 Ne2+ 71. Kd2 Nd4 72. Ra8 Ne6
73. Ke3 Kd7 74. Ra7 Kc6 75. Ra3 Ng5 76. Ra8 Ne6 77. Rg8 Kd7 78. Kd2 Kc7 79. Kc3
Kd7 80. Ra8 Kc7 81. Ra1 Nd4 82. Rb1 Nc6 83. Kb3 Nd4+ 84. Ka4 Nc6 85. Kb5 Nb4
86. Rb3 {Time} 1-0

[Event "ENCI Limburg-open C"]
[Site "Maastricht"]
[Date "2011.06.13"]
[Round "6"]
[White "Tamminga, Melle"]
[Black "Oxener, Aldo"]
[Result "1-0"]
[WhiteElo "1605"]
[BlackElo "1465"]
[PlyCount "59"]
[EventDate "2011.06.10"]
[EventType "swiss"]
[EventRounds "7"]
[EventCountry "NED"]
[Source "P.Boonen"]
[SourceDate "2012.01.01"]

1. e4 d5 2. exd5 Qxd5 3. Nc3 Qd6 4. d4 Nf6 5. Nf3 a6 6. h3 b5 7. a3 Bb7 8. Be3
e6 9. Be2 Be7 10. O-O O-O 11. Ne5 Nc6 12. Bf3 Rad8 13. Qe2 Nxd4 14. Bxd4 Bxf3
15. Qxf3 Qxd4 16. Nc6 Qd7 17. Nxd8 Rxd8 18. Rad1 Bd6 19. Rd3 c5 20. Rfd1 Qc7
21. Ne4 Nxe4 22. Qxe4 h6 23. c4 Qb6 24. b3 Qc7 25. Qe2 Kf8 26. g3 Qb6 27. Qc2
Kg8 28. cxb5 axb5 29. a4 b4 30. Qd2 1-0

[Event "ENCI Limburg-open C"]
[Site "Maastricht"]
[Date "2011.06.13"]
[Round "6"]
[White "Tangelder, Yonne"]
[Black "Scheeren, Wiel"]
[Result "1/2-1/2"]
[WhiteElo "1595"]
[BlackElo "1625"]
[PlyCount "54"]
[EventDate "2011.06.10"]
[EventType "swiss"]
[EventRounds "7"]
[EventCountry "NED"]
[Source "P.Boonen"]
[SourceDate "2012.01.01"]

1. e4 d6 2. d4 Nf6 3. Nc3 Nbd7 4. f4 e5 5. Nf3 Be7 6. Bc4 h6 7. fxe5 dxe5 8.
dxe5 Ng4 9. Bxf7+ Kxf7 10. e6+ Ke8 11. exd7+ Bxd7 12. O-O Bc5+ 13. Nd4 c6 14.
h3 Qb6 15. Nce2 Ne5 16. Kh1 Rf8 17. Rxf8+ Kxf8 18. Nb3 Be3 19. Qd6+ Kg8 20.
Qxe5 Rf8 21. Nd2 Bxd2 22. Bxd2 Qf2 23. Bc3 Rf7 24. Ng3 Bxh3 25. gxh3 Qf3+ 26.
Kg1 Qf2+ 27. Kh1 Qf3+ 1/2-1/2

[Event "ENCI Limburg-open C"]
[Site "Maastricht"]
[Date "2011.06.13"]
[Round "6"]
[White "Toniolatti, Alessio"]
[Black "Been, Klaas"]
[Result "0-1"]
[WhiteElo "1139"]
[BlackElo "1738"]
[PlyCount "62"]
[EventDate "2011.06.10"]
[EventType "swiss"]
[EventRounds "7"]
[EventCountry "NED"]
[Source "P.Boonen"]
[SourceDate "2012.01.01"]

1. e4 e5 2. Nf3 Nc6 3. Bc4 Be7 4. Nc3 Nf6 5. d3 d6 6. O-O Bg4 7. Bg5 Nd4 8. Nd5
c6 9. Nxe7 Qxe7 10. Re1 Nxf3+ 11. gxf3 Bh3 12. Kh1 h6 13. Bxf6 Qxf6 14. Rg1
O-O-O 15. f4 exf4 16. Qh5 Be6 17. Bxe6+ fxe6 18. a3 g5 19. Qd1 h5 20. c4 g4 21.
b4 Qd4 22. b5 c5 23. Qa4 Kb8 24. Rgf1 Qxd3 25. Rfe1 Qf3+ 26. Kg1 h4 27. Kf1
Qd3+ 28. Re2 f3 29. Rd1 fxe2+ 30. Ke1 exd1=Q+ 31. Qxd1 Qxe4+ 0-1

[Event "ENCI Limburg-open C"]
[Site "Maastricht"]
[Date "2011.06.13"]
[Round "6"]
[White "Ulburghs, Piet"]
[Black "Parren, Ashley"]
[Result "1-0"]
[WhiteElo "1697"]
[BlackElo "1190"]
[PlyCount "105"]
[EventDate "2011.06.10"]
[EventType "swiss"]
[EventRounds "7"]
[EventCountry "NED"]
[Source "P.Boonen"]
[SourceDate "2012.01.01"]

1. c4 e5 2. g3 Nf6 3. Bg2 Bc5 4. Nc3 Nc6 5. d3 h6 6. Nf3 d6 7. O-O O-O 8. a3 a6
9. e3 Bg4 10. Qc2 Bf5 11. Nh4 Qd7 12. Nxf5 Qxf5 13. Na4 Ba7 14. b4 Rab8 15. Nc3
Ne7 16. a4 b6 17. b5 a5 18. Ba3 c5 19. bxc6 Qe6 20. Nb5 Rbc8 21. Nxa7 Rc7 22.
Nb5 Rcc8 23. Bxd6 Rfd8 24. Bxe7 Qxe7 25. Rab1 Qc5 26. Rfd1 g6 27. d4 exd4 28.
exd4 Qe7 29. d5 Qc5 30. Bh3 Ra8 31. c7 Rf8 32. d6 h5 33. d7 Nxd7 34. Rxd7 g5
35. Rd5 Qe7 36. Qg6+ fxg6 37. Rbd1 g4 38. Bg2 Rac8 39. Rd6 Rxc7 40. Nxc7 Qxc7
41. Rxg6+ Kh7 42. Rdd6 Qxc4 43. Rh6+ Kg7 44. Rdg6+ Kf7 45. Rxb6 Qc1+ 46. Bf1
Ke7 47. Rh7+ Kd8 48. Rb8+ Qc8 49. Rxc8+ Kxc8 50. Rxh5 Rf7 51. Rxa5 Kd7 52. Ra7+
Ke6 53. Bc4+ 1-0

[Event "ENCI Limburg-open C"]
[Site "Maastricht"]
[Date "2011.06.13"]
[Round "6"]
[White "Valembois, Pierre"]
[Black "Ingelaere, Floris"]
[Result "1-0"]
[WhiteElo "1150"]
[BlackElo "900"]
[PlyCount "73"]
[EventDate "2011.06.10"]
[EventType "swiss"]
[EventRounds "7"]
[EventCountry "NED"]
[Source "P.Boonen"]
[SourceDate "2012.01.01"]

1. e4 e6 2. d4 d5 3. e5 c5 4. dxc5 Bxc5 5. c4 Qh4 6. g3 Qe4+ 7. Qe2 Qxh1 8. Nf3
Nc6 9. Be3 d4 10. Bd2 f6 11. Na3 Nb4 12. O-O-O Nxa2+ 13. Kb1 Nb4 14. Bh3 d3 15.
Rxh1 dxe2 16. Be3 Nd3 17. Bxc5 Nxc5 18. Nb5 Na6 19. Re1 fxe5 20. Rxe2 e4 21.
Nd6+ Kd7 22. Nxe4 Ne7 23. Ne5+ Ke8 24. Re3 Rf8 25. Nd6+ Kd8 26. Rd3 Nc5 27.
Nxb7+ Kc7 28. Nxc5 Nf5 29. Bxf5 Rxf5 30. Ned7 Rxf2 31. Nxe6+ Kc6 32. Ne5+ Kb7
33. Rb3+ Ka6 34. Nc7+ Ka5 35. Nxa8 Bf5+ 36. Nd3 Ka4 37. Ra3# 1-0

[Event "ENCI Limburg-open C"]
[Site "Maastricht"]
[Date "2011.06.13"]
[Round "6"]
[White "Van Broekhoven, Stefan"]
[Black "Disters, Ingrid"]
[Result "1-0"]
[WhiteElo "1415"]
[BlackElo "1101"]
[PlyCount "63"]
[EventDate "2011.06.10"]
[EventType "swiss"]
[EventRounds "7"]
[EventCountry "NED"]
[Source "P.Boonen"]
[SourceDate "2012.01.01"]

1. e4 d5 2. exd5 Qxd5 3. Nc3 Qa5 4. Bc4 Nf6 5. Nge2 c6 6. O-O Bg4 7. d4 e6 8.
a3 Qd8 9. Bg5 Be7 10. f3 Bf5 11. Ng3 Bg6 12. Nce2 h6 13. Bh4 Nbd7 14. a4 a6 15.
c3 Qc7 16. Qd2 O-O 17. Bb3 Rfe8 18. Rad1 Qb6 19. Bc2 Bxc2 20. Qxc2 Rad8 21.
Bxf6 Nxf6 22. b4 Bd6 23. Ne4 Nxe4 24. fxe4 Rf8 25. e5 Be7 26. a5 Qc7 27. Nf4
Qd7 28. Rd3 Bg5 29. Nh5 Qe7 30. Rg3 Kh8 31. h4 Bxh4 32. Rxg7 1-0

[Event "ENCI Limburg-open C"]
[Site "Maastricht"]
[Date "2011.06.13"]
[Round "6"]
[White "Van Ginneken, Maikel"]
[Black "Freriks, Oscar"]
[Result "0-1"]
[WhiteElo "1337"]
[BlackElo "1505"]
[PlyCount "30"]
[EventDate "2011.06.10"]
[EventType "swiss"]
[EventRounds "7"]
[EventCountry "NED"]
[Source "P.Boonen"]
[SourceDate "2012.01.01"]

1. d4 Nf6 2. c4 e5 3. dxe5 Ng4 4. Nf3 Bc5 5. e3 Nc6 6. b3 Ngxe5 7. Nxe5 Nxe5 8.
Bb2 Qe7 9. Nc3 b6 10. Nd5 Bb4+ 11. Nc3 Bb7 12. a3 Bd6 13. Nd5 Qh4 14. Be2 h5
15. O-O Nf3+ 0-1

[Event "ENCI Limburg-open C"]
[Site "Maastricht"]
[Date "2011.06.13"]
[Round "6"]
[White "Van der Wouw, Paul"]
[Black "Van Ginneken, Jeroen"]
[Result "0-1"]
[WhiteElo "1538"]
[BlackElo "1682"]
[PlyCount "60"]
[EventDate "2011.06.10"]
[EventType "swiss"]
[EventRounds "7"]
[EventCountry "NED"]
[Source "P.Boonen"]
[SourceDate "2012.01.01"]

1. Nc3 d5 2. e4 d4 3. Nce2 e5 4. Ng3 Bd6 5. Bc4 Nf6 6. Nf3 O-O 7. O-O Qe7 8. d3
Be6 9. Bxe6 Qxe6 10. Ng5 Qg4 11. f3 Qd7 12. Nh3 Nc6 13. f4 Qg4 14. a3 Qxd1 15.
Rxd1 exf4 16. Nxf4 Ne5 17. Nf5 Rfd8 18. b4 h6 19. Ne2 c5 20. Nxd6 Rxd6 21. bxc5
Rd7 22. Bb2 Rad8 23. h3 Ne8 24. Rd2 Nc7 25. Rad1 Ne6 26. c3 dxc3 27. Bxc3 Rxd3
28. Rxd3 Rxd3 29. Rxd3 Nxd3 30. Bb4 Ndxc5 0-1

[Event "ENCI Limburg-open C"]
[Site "Maastricht"]
[Date "2011.06.13"]
[Round "6"]
[White "Vossen, Martijn"]
[Black "Wuijts, Johan"]
[Result "0-1"]
[WhiteElo "1564"]
[BlackElo "1693"]
[PlyCount "58"]
[EventDate "2011.06.10"]
[EventType "swiss"]
[EventRounds "7"]
[EventCountry "NED"]
[Source "P.Boonen"]
[SourceDate "2012.01.01"]

1. e4 e6 2. Qe2 c5 3. f4 Nc6 4. Nf3 g6 5. c3 Nge7 6. Na3 Bg7 7. Nc2 O-O 8. g3
d5 9. d3 Qb6 10. Bg2 Bd7 11. h4 h5 12. Bh3 dxe4 13. dxe4 f5 14. e5 Nd8 15. Na3
Bc6 16. Bg2 Nf7 17. O-O Qc7 18. Be3 Be4 19. Qc4 b6 20. Rfd1 Nd5 21. Bf2 a6 22.
Nd2 Bxg2 23. Kxg2 Nh6 24. Nf3 Ng4 25. Nc2 Nxf2 26. Kxf2 b5 27. Qe2 b4 28. cxb4
cxb4 29. Kf1 Qxc2 0-1

[Event "ENCI Limburg-open C"]
[Site "Maastricht"]
[Date "2011.06.13"]
[Round "6"]
[White "Vossen, Patrick"]
[Black "Roesler, Manfred"]
[Result "1/2-1/2"]
[WhiteElo "1310"]
[BlackElo "1599"]
[PlyCount "170"]
[EventDate "2011.06.10"]
[EventType "swiss"]
[EventRounds "7"]
[EventCountry "NED"]
[Source "P.Boonen"]
[SourceDate "2012.01.01"]

1. d4 Nf6 2. Nf3 g6 3. e3 Bg7 4. Bd3 d5 5. Nbd2 O-O 6. O-O c6 7. c3 Nbd7 8. Re1
Re8 9. e4 dxe4 10. Nxe4 Nxe4 11. Bxe4 e6 12. Bf4 Nf8 13. Qd2 Bd7 14. Bh6 f5 15.
Bc2 Bxh6 16. Qxh6 Qf6 17. Qe3 Re7 18. Bb3 Kg7 19. Re2 a5 20. a3 Rae8 21. Rae1
b5 22. a4 Bc8 23. h3 Ba6 24. Qd3 Rb8 25. axb5 cxb5 26. Ne5 Rb6 27. Qf3 a4 28.
Ba2 b4 29. Bc4 Bb7 30. Qe3 bxc3 31. bxc3 Ba6 32. Bxa6 Rxa6 33. Qd3 Rea7 34. Qc4
a3 35. Nc6 a2 36. Ra1 Ra4 37. Qb3 R7a6 38. Ne5 Qe7 39. Rexa2 Rxa2 40. Rxa2 Rxa2
41. Qxa2 Qb7 42. Nf3 h6 43. Ne5 Kf6 44. Kh2 Nh7 45. Qa5 Ng5 46. Qd8+ Qe7 47.
Qh8+ Qg7 48. Qxg7+ Kxg7 49. f3 Nh7 50. c4 g5 51. c5 Nf6 52. c6 Nd5 53. Nc4 Kf6
54. Ne3 Ke7 55. Nc4 h5 56. Ne5 Kf6 57. g3 Ke7 58. g4 hxg4 59. hxg4 f4 60. Kg2
Ne3+ 61. Kf2 Kd6 62. Ke2 Nc2 63. Kd3 Nb4+ 64. Ke4 Nd5 65. Nf7+ Kxc6 66. Nxg5
Kd6 67. Nh3 Nf6+ 68. Kxf4 Kd5 69. Ke3 e5 70. dxe5 Kxe5 71. f4+ Ke6 72. Ng5+ Kd7
73. Kf3 Ke7 74. Ne4 Nd7 75. g5 Kf7 76. Kg4 Kg6 77. f5+ Kg7 78. Kh5 Ne5 79. f6+
Kh7 80. Nd6 Ng6 81. f7 Kg7 82. Kg4 Ne5+ 83. Kf5 Nxf7 84. Nxf7 Kxf7 85. g6+ Kg7
1/2-1/2

[Event "ENCI Limburg-open C"]
[Site "Maastricht"]
[Date "2011.06.13"]
[Round "6"]
[White "Weerts, Rene"]
[Black "Heinen, Dai"]
[Result "1-0"]
[WhiteElo "1651"]
[BlackElo "1501"]
[PlyCount "93"]
[EventDate "2011.06.10"]
[EventType "swiss"]
[EventRounds "7"]
[EventCountry "NED"]
[Source "P.Boonen"]
[SourceDate "2012.01.01"]

1. d4 d5 2. Nf3 Nf6 3. Bf4 Nc6 4. c3 Bg4 5. Nbd2 e6 6. e3 a6 7. Qb3 Rb8 8. Ne5
Nxe5 9. Bxe5 Bd6 10. Bxf6 gxf6 11. e4 Bf4 12. f3 Bxd2+ 13. Kxd2 Bh5 14. Bd3 Bg6
15. exd5 Qxd5 16. Qxd5 exd5 17. Rae1+ Kd7 18. Re2 Rbe8 19. Rhe1 Rxe2+ 20. Rxe2
Re8 21. Rxe8 Kxe8 22. Ke3 Ke7 23. h4 Ke6 24. g4 f5 25. Kf4 fxg4 26. Bxg6 fxg6
27. fxg4 Kf6 28. g5+ Ke6 29. a4 b5 30. a5 Kd6 31. b3 c5 32. dxc5+ Kxc5 33. Ke5
Kc6 34. b4 Kb7 35. Kxd5 Kc7 36. Kc5 Kb7 37. Kd6 Ka7 38. Kc6 Kb8 39. Kb6 Ka8 40.
Kxa6 Kb8 41. Kxb5 Kb7 42. c4 Ka7 43. Kc6 Kb8 44. b5 Ka7 45. a6 Kb8 46. b6 Ka8
47. a7 1-0

[Event "ENCI Limburg-open C"]
[Site "Maastricht"]
[Date "2011.06.13"]
[Round "6"]
[White "Welling, Sophie"]
[Black "Quintana, Till"]
[Result "1/2-1/2"]
[WhiteElo "1567"]
[BlackElo "1695"]
[PlyCount "129"]
[EventDate "2011.06.10"]
[EventType "swiss"]
[EventRounds "7"]
[EventCountry "NED"]
[Source "P.Boonen"]
[SourceDate "2012.01.01"]

1. d4 Nf6 2. c4 e6 3. Nc3 d5 4. e3 b6 5. Bd3 Bb7 6. f3 c5 7. Nge2 Be7 8. O-O
O-O 9. Qc2 dxc4 10. Bxc4 Qc7 11. dxc5 Bxc5 12. Bd3 h6 13. a3 Nbd7 14. b4 Bd6
15. f4 e5 16. h3 Rac8 17. Qb3 Rfe8 18. Bb2 exf4 19. exf4 Qc6 20. Rf2 Re3 21.
Nd4 Qc7 22. Ncb5 Qb8 23. Bh7+ Kxh7 24. Qxe3 Re8 25. Qd3+ Be4 26. Qg3 Be7 27.
Nc3 Nh5 28. Qe3 Bb7 29. Qd3+ Kg8 30. Nf5 Nf8 31. Nxe7+ Rxe7 32. Ne2 Qe8 33. Ng3
Re3 34. Qd4 Rxg3 35. Kh2 Qe3 36. Qxe3 Rxe3 37. Rd1 Ne6 38. Rd7 Bc6 39. Rd6 Bb7
40. Rd7 Bc6 41. Rd6 Ba4 42. Bc1 Rc3 43. Bb2 Rb3 44. Bc1 Rb1 45. Be3 Nf6 46. Rd3
Ne4 47. Rf3 Bb5 48. Rd5 Be2 49. Rd7 Bxf3 50. gxf3 Rb3 51. fxe4 Rxe3 52. Rxa7
Rxe4 53. Rb7 Nd4 54. Rxb6 Nc2 55. Ra6 Re3 56. Ra8+ Kh7 57. b5 Nxa3 58. b6 Rb3
59. b7 Rxb7 60. Rxa3 Rb6 61. Ra7 Kg6 62. Ra5 Rb3 63. Rd5 f6 64. h4 h5 65. f5+
1/2-1/2

[Event "ENCI Limburg-open C"]
[Site "Maastricht"]
[Date "2011.06.13"]
[Round "7"]
[White "Barbaric, Marco"]
[Black "Ingelaere, Arthur"]
[Result "1-0"]
[WhiteElo "1406"]
[BlackElo "1342"]
[PlyCount "71"]
[EventDate "2011.06.10"]
[EventType "swiss"]
[EventRounds "7"]
[EventCountry "NED"]
[Source "P.Boonen"]
[SourceDate "2012.01.01"]

1. e4 c5 2. Nf3 Nc6 3. Be2 g6 4. c3 Bg7 5. d4 cxd4 6. cxd4 d6 7. Nc3 Bg4 8. h3
Bxf3 9. Bxf3 Nxd4 10. O-O Nxf3+ 11. Qxf3 Nf6 12. Rd1 O-O 13. e5 Nh5 14. exd6 b6
15. dxe7 Qxe7 16. Nd5 Qe5 17. Rb1 Rac8 18. Be3 Rc2 19. Bd4 Qe2 20. Qxe2 Rxe2
21. g4 Bxd4 22. Rxd4 Ng7 23. a3 Rb8 24. Nf6+ Kh8 25. Rd7 a5 26. Rxf7 Rd2 27. b4
a4 28. Rc1 Rd6 29. Kf1 Rbd8 30. Rcc7 Rxf6 31. Rxf6 Kg8 32. Rxb6 Ne8 33. Ra7 Rd3
34. Rxa4 Rxh3 35. Ra8 Kf8 36. Re6 1-0

[Event "ENCI Limburg-open C"]
[Site "Maastricht"]
[Date "2011.06.13"]
[Round "7"]
[White "Been, Klaas"]
[Black "Knof, Henrike"]
[Result "0-1"]
[WhiteElo "1738"]
[BlackElo "1488"]
[PlyCount "96"]
[EventDate "2011.06.10"]
[EventType "swiss"]
[EventRounds "7"]
[EventCountry "NED"]
[Source "P.Boonen"]
[SourceDate "2012.01.01"]

1. d4 Nf6 2. Nf3 g6 3. e3 Bg7 4. Bd3 O-O 5. Nbd2 d6 6. O-O Nbd7 7. c3 e5 8. e4
a6 9. Re1 b5 10. Nf1 c5 11. d5 c4 12. Bc2 Qc7 13. Bg5 Re8 14. Qd2 Rb8 15. a3
Bh8 16. h3 Nf8 17. Ng3 Bg7 18. Nh2 N6d7 19. Ng4 Kh8 20. Qe3 f6 21. Bh6 Re7 22.
Qf3 Qd8 23. h4 Bxh6 24. Nxh6 Rg7 25. h5 Rb6 26. Qe3 Nc5 27. Rf1 g5 28. Nhf5
Rgb7 29. Bd1 Ng6 30. hxg6 hxg6 31. Nh4 gxh4 32. Ne2 g5 33. g3 Rh7 34. gxh4 gxh4
35. Kh1 Rbb7 36. Rg1 Qf8 37. Bc2 Rbg7 38. f4 Bg4 39. Raf1 Qe8 40. Rf2 h3 41.
Rgf1 Bxe2 42. Qxe2 Qg6 43. fxe5 Qg2+ 44. Rxg2 hxg2+ 45. Kg1 Rh1+ 46. Kf2 Rxf1+
47. Qxf1 gxf1=Q+ 48. Kxf1 fxe5 0-1

[Event "ENCI Limburg-open C"]
[Site "Maastricht"]
[Date "2011.06.13"]
[Round "7"]
[White "Beukema, Jasper"]
[Black "Preuter, Carlos"]
[Result "1-0"]
[WhiteElo "1580"]
[BlackElo "1676"]
[PlyCount "173"]
[EventDate "2011.06.10"]
[EventType "swiss"]
[EventRounds "7"]
[EventCountry "NED"]
[Source "P.Boonen"]
[SourceDate "2012.01.01"]

1. e4 d5 2. exd5 Qxd5 3. Nc3 Qe6+ 4. Be2 Qg6 5. Bf3 c6 6. d3 e5 7. Nge2 Bg4 8.
Ng3 Bxf3 9. Qxf3 Nd7 10. O-O Bd6 11. Nce4 Bc7 12. Qf5 Ne7 13. Qxg6 hxg6 14. Be3
f5 15. Nc5 f4 16. Ne6 Bd6 17. Ne4 Nf5 18. Nxd6+ Nxd6 19. Bc5 Nxc5 20. Nxc5
O-O-O 21. Rfe1 Rde8 22. a4 Kc7 23. a5 g5 24. Ne4 g4 25. a6 b6 26. Nxd6 Kxd6 27.
Ra4 Rh5 28. g3 g5 29. Rae4 c5 30. c4 Re6 31. b3 Rh3 32. R4e2 f3 33. Re3 Reh6
34. Rxe5 Rxh2 35. Rd5+ Kc6 36. Re6+ Rxe6 37. Kxh2 Rg6 38. Re5 b5 39. Re4 Rd6
40. Rxg4 Rxd3 41. Rxg5 Kb6 42. Rg6+ Ka5 43. Rc6 Rxb3 44. Rxc5 Kxa6 45. cxb5+
Rxb5 46. Rc6+ Kb7 47. Rc3 Rh5+ 48. Kg1 Rf5 49. Kf1 a5 50. Ke1 Kb6 51. Kd2 Kb5
52. Kc2 a4 53. Kb2 Kb4 54. Ra3 Rf7 55. Re3 Kc4 56. Ra3 Rb7+ 57. Kc2 Ra7 58.
Rxf3 a3 59. Kb1 Kb4 60. Ka2 Re7 61. Rf4+ Kc3 62. Kxa3 Kd2 63. Kb3 Ke2 64. Kc3
Rg7 65. Kd4 Kf1 66. Ke3 Kg2 67. g4 Rg5 68. f3 Kg3 69. Rf5 Rg7 70. Ke4 Re7+ 71.
Kd5 Rg7 72. g5 Kh4 73. f4 Kh5 74. g6+ Kh6 75. Rf6 Ra7 76. f5 Ra5+ 77. Ke6 Ra6+
78. Ke5 Ra5+ 79. Kd4 Kg7 80. Rf7+ Kh8 81. f6 Ra8 82. Ke5 Re8+ 83. Kf5 Ra8 84.
Kg5 Ra5+ 85. Kh6 Ra8 86. Rh7+ Kg8 87. f7+ 1-0

[Event "ENCI Limburg-open C"]
[Site "Maastricht"]
[Date "2011.06.13"]
[Round "7"]
[White "Brookes, Jean Paul"]
[Black "Welling, Sophie"]
[Result "1/2-1/2"]
[WhiteElo "1586"]
[BlackElo "1567"]
[PlyCount "80"]
[EventDate "2011.06.10"]
[EventType "swiss"]
[EventRounds "7"]
[EventCountry "NED"]
[Source "P.Boonen"]
[SourceDate "2012.01.01"]

1. e4 c5 2. Nc3 e6 3. f4 Nc6 4. Nf3 a6 5. a4 d5 6. e5 Nge7 7. d3 d4 8. Ne4 Nd5
9. Be2 Be7 10. c4 Ndb4 11. Bd2 O-O 12. O-O b6 13. g4 Qc7 14. g5 Bd8 15. Kf2 Ne7
16. h4 Nf5 17. Rh1 Bb7 18. Qb3 Be7 19. Rag1 Rad8 20. Bxb4 cxb4 21. Rh2 Rd7 22.
h5 Bxe4 23. dxe4 d3 24. exf5 Bc5+ 25. Kg3 Bxg1 26. Nxg1 dxe2 27. Rxe2 exf5 28.
e6 fxe6 29. Rxe6 Rfd8 30. Re3 Qc5 31. Nf3 a5 32. Re5 Rd3 33. Rxc5 Rxb3 34. Rc6
Rxb2 35. Ne5 Rb3+ 36. Kh4 Ra3 37. Rxb6 Rxa4 38. g6 hxg6 39. hxg6 Ra1 40. c5 Rc1
1/2-1/2

[Event "ENCI Limburg-open C"]
[Site "Maastricht"]
[Date "2011.06.13"]
[Round "7"]
[White "Buis, Jan"]
[Black "Lennartz, Ludwig"]
[Result "1/2-1/2"]
[WhiteElo "1509"]
[BlackElo "1626"]
[PlyCount "84"]
[EventDate "2011.06.10"]
[EventType "swiss"]
[EventRounds "7"]
[EventCountry "NED"]
[Source "P.Boonen"]
[SourceDate "2012.01.01"]

1. d4 Nf6 2. Nf3 g6 3. h3 Bg7 4. Bf4 d6 5. e3 O-O 6. c3 Nbd7 7. Nbd2 c5 8. Be2
cxd4 9. exd4 Nd5 10. Bh2 e5 11. dxe5 dxe5 12. Bc4 N7b6 13. Bxd5 Nxd5 14. O-O
Re8 15. Re1 f6 16. c4 Nb4 17. Qb3 Nd3 18. Re3 Nc5 19. Qa3 Bf8 20. b4 Na6 21. c5
Bh6 22. Rd3 Qe7 23. Ne4 Bf5 24. Nd6 Bxd3 25. Nxe8 Rxe8 26. Qxd3 Kg7 27. Qe4 Rd8
28. Bg3 Nb8 29. h4 Nc6 30. a3 Nd4 31. Nxd4 Rxd4 32. Qc2 Qd7 33. Qb3 Rd2 34. Qf3
Rd3 35. Qe4 Kg8 36. Qc4+ Kf8 37. a4 Qd4 38. Qxd4 Rxd4 39. b5 Rc4 40. Rd1 Ke7
41. Rd5 Rxa4 42. c6 bxc6 1/2-1/2

[Event "ENCI Limburg-open C"]
[Site "Maastricht"]
[Date "2011.06.13"]
[Round "7"]
[White "Daemen, Jules"]
[Black "Nissel, Andreas"]
[Result "0-1"]
[WhiteElo "1629"]
[BlackElo "1668"]
[PlyCount "50"]
[EventDate "2011.06.10"]
[EventType "swiss"]
[EventRounds "7"]
[EventCountry "NED"]
[Source "P.Boonen"]
[SourceDate "2012.01.01"]

1. Nf3 d5 2. g3 c6 3. Bg2 Nd7 4. d3 e5 5. Nbd2 Bd6 6. O-O Ngf6 7. Re1 O-O 8. b3
Re8 9. e4 Qb6 10. Bb2 Ng4 11. Qe2 Bc5 12. Rf1 f6 13. h3 Nh6 14. Nh4 dxe4 15.
Nxe4 Nf8 16. Bc1 Nf5 17. Nxf6+ gxf6 18. Qh5 Ng7 19. Qh6 Qd8 20. g4 f5 21. gxf5
Nxf5 22. Nxf5 Bxf5 23. Kh1 Re6 24. Qh5 Bg6 25. Qh6 Bxd3 0-1

[Event "ENCI Limburg-open C"]
[Site "Maastricht"]
[Date "2011.06.13"]
[Round "7"]
[White "De Lange, Gerard"]
[Black "Tamminga, Melle"]
[Result "1/2-1/2"]
[WhiteElo "1599"]
[BlackElo "1605"]
[PlyCount "120"]
[EventDate "2011.06.10"]
[EventType "swiss"]
[EventRounds "7"]
[EventCountry "NED"]
[Source "P.Boonen"]
[SourceDate "2012.01.01"]

1. d4 g6 2. e4 Bg7 3. Nc3 d6 4. g3 Nf6 5. Bg2 O-O 6. Nge2 e5 7. dxe5 dxe5 8.
O-O c6 9. b3 Qc7 10. Ba3 Rd8 11. Qe1 Nbd7 12. Rd1 Nf8 13. Nc1 Ne6 14. Nd3 b6
15. Ne2 Ba6 16. c4 Rd7 17. Nb4 Rxd1 18. Qxd1 Bb7 19. Qc2 Bf8 20. Qc1 Rd8 21.
Nc2 Bxa3 22. Nxa3 Kg7 23. Rd1 Rd6 24. Rxd6 Qxd6 25. h3 Nd4 26. Nxd4 Qxd4 27.
Qc2 a6 28. Nb1 c5 29. Nc3 Qd6 30. Nd5 Nxd5 31. exd5 b5 32. Qb2 f6 33. h4 Kf7
34. Qd2 Kg7 35. Be4 b4 36. Qd3 f5 37. Bg2 a5 38. Qe3 e4 39. f4 Bc8 40. Bf1 Bd7
41. Be2 h5 42. Qd2 Kf7 43. a3 Qf6 44. axb4 Qa1+ 45. Kg2 axb4 46. Qe3 Qd4 47.
Qc1 Ke7 48. Qd1 Be8 49. Kf1 Kd6 50. Kg2 Bd7 51. Bxh5 gxh5 52. Qxh5 Qd2+ 53. Kh3
e3 54. Qh8 Qd4 55. Qf8+ Kc7 56. Qe7 Qe4 57. Qxc5+ Kd8 58. Qf8+ Qe8 59. Qxb4 e2
60. Qe1 Qe3 {.....} 1/2-1/2